Detekcia a charakterizácia chemických interakcií vybraných hormonálnych prípravkov s DNA biosenzorom diplomová práca
Salvato in:
| Autore principale: | |
|---|---|
| Natura: | Libro |
| Lingua: | slovacco |
| Pubblicazione: |
Bratislava
STU FCHPT
2018
|
| Accesso online: | Visualizza in OPAC |
| Tags: |
Nessun Tag, puoi essere il primo ad aggiungerne!!
|
MARC
| LEADER | 00000nam a2200000 a 4500 | ||
|---|---|---|---|
| 005 | 20260127134043.0 | ||
| 008 | 180601 2018 xo a 001 0 slo d | ||
| 035 | |a vtls011759694 | ||
| 039 | 9 | |y 201806011110 |z mschk03 | |
| 040 | |a STUSCHK1 |b slo |c STUSCHK1 |e AACR2 | ||
| 100 | 1 | |a Černicová, Monika | |
| 245 | 1 | |a Detekcia a charakterizácia chemických interakcií vybraných hormonálnych prípravkov s DNA biosenzorom |b diplomová práca |c Monika Černicová | |
| 260 | |a Bratislava |b STU FCHPT |c 2018 | ||
| 300 | |a 74 s. |b il. |c 25 cm | ||
| 500 | |a Študijný program: technická chémia | ||
| 500 | |a Študijný odbor: chemické technológie | ||
| 500 | |a Školiace pracovisko: Ústav analytickej chémie | ||
| 500 | |a Evid. číslo: FCHPT-104542-63652 | ||
| 500 | |a Dátum obhajoby: 28.5.2018 | ||
| 910 | |a SCHK95 | ||
| 999 | |c 2985 |d 2985 | ||